Bilecik Bilecik Bilecik Bilecik Bilecik

5018 sayılı kamu mali yönetimi kontrol kanunu açıklaması/ (Record no. 47573)

MARC details
000 -BAŞLIK
Sabit Uzunluktaki Kontrol Alanı 01010nam a22003137a 4500
001 - KONTROL NUMARASI
Control Dosyası 0047730
003 - KONTROL NUMARASI KİMLİĞİ
Kontrol Alanı KOHA_MİRAKIL
005 - EN SON İŞLEM TARİHİ ve ZAMANI
Kontrol Alanı 20260207003556.0
007 - FİZİKSEL TANIM SABİT ALAN - GENEL BİLGİ
Sabit uzunluklu kontrol alanı ta
008 - SABİT UZUNLUKTAKİ VERİ ÖGELERİ - GENEL BİLGİ
Sabit Alan 150330b2015 tu |||gr||||#||||0|tur |
020 ## - ISBN - ULUSLARARASI STANDART KİTAP NUMARASI
Isbn 9789758918409
040 ## - KATALOGLAMA KAYNAĞI
Özgün Kataloglama Kurumu TR-BiSEU
Kataloglama Dili tur
Çeviri Kurumu TR-BiSEU
Açıklama Kuralları rda
041 0# - DİL KODU
Metin ya da ses kaydının dil kodu tur
044 ## - YAYINLAYAN/ÜRETEN KURULUŞUN ÜLKE KODU
ISO country code tu
050 ## - SINIFLAMA ve YER NUMARASI
Sınıflama Numarası KKX3528
Yer Numarası .T87 2015
100 1# - KİŞİ ADI
Yazar Adı (Kişi adı) Turguter, Necip.
245 1# - ESER ADI BİLDİRİMİ
Başlık 5018 sayılı kamu mali yönetimi kontrol kanunu açıklaması/
Sorumluluk Bildirimi Necip Turguter ; Necip Turguter.
250 ## - BASIM BİLDİRİMİ
Basım Bildirimi 3. Basım
264 #1 - ÜRERİM, YAYIN, DAĞITIM ve TELİF BİLDİRİMİ
Yayın yeri Ankara :
Yayınlayan Türkiye ve Orta Doğu Amme İdaresi Enstitüsü Yayınları
Yayın tarihi 2015
300 ## - FİZİKSEL TANIMLAMA
Sayfa, Cilt vb. 535 sayfa ;
Boyutları 20 cm.
336 ## - İÇERİK TÜRÜ
Content type term metin
Content type code txt
Source rdacontent
337 ## - MEDYA TÜRÜ
Media type term aracısız
Media type code n
Source rdamedia
338 ## - TAŞIYICI TÜRÜ
Carrier type term cilt
Carrier type code nc
Source rdacarrier
490 1# - DİZİ BİLDİRİMİ
Dizi Bildirimi TODAİE yayın no ;
Cilt Numarası 384
650 #0 - KONU BAŞLIĞI EK GİRİŞ - KONU TERİMİ
Konusal terim veya coğrafi ad Bütçe--Hukuk ve mevzuat--Türkiye
9 (RLIN) 18095
650 #0 - KONU BAŞLIĞI EK GİRİŞ - KONU TERİMİ
Konusal terim veya coğrafi ad Kamu maliyesi--Hukuk ve mevzuat--Türkiye
9 (RLIN) 87589
830 1# - SERİ EK GİRİŞİ - TEKBİÇİM ESER ADI
Tekbiçim Başlık TODAİE yayın no ;
Volume number/sequential designation 384
9 (RLIN) 50842
942 ## - EK GİRİŞ ÖGELERİ (KOHA)
Source of classification or shelving scheme Library of Congress Classification
Koha item type Book
Holdings
Materyal Türü Kalıcı Konum Mevcut Konum Raf Yeri Sınıflandırma Kaynağı Edinim Bilgisi Ana Konular Alt Konular Yer Numarası Demirbaş Numarası Fatura Tarihi Geri Çekilme Durumu Kayıp Durumu Hasarlı Durumu Kredi için değil Kayıt Tarih Toplam Ödünçverme Son Görülme Tarihi Son Kontrol Tarihi
Book Prof. Dr. Azmi Özcan Kütüphanesi Prof. Dr. Azmi Özcan Kütüphanesi Uluğbey Salonu Library of Congress Classification Bağış HUKUK Türkiye Hukuku KKX3528 .T87 2015 0047730 02/02/2026         30/03/2015   05/12/2024 05/12/2024